000 00828nam a2200265Ia 4500
003 OSt
005 20220928125411.0
006 a|||||r|||| 00| 0
007 ta
008 220927b |||||||| |||| 00| 0 eng d
020 _c4038.0999999999999
024 _a109008
037 _b639, 25/08/2010, Insat Books and Periodicals
_cTextual
040 _aSDCL
_cSDCL
_beng
041 _2eng
_aeng
082 _aB2812, P9
100 _aBhattacharya Rabi N
_9469456
245 0 _aStochastic processes with applications.
260 _aPhiladelphia
_bSIAM
_c2009
300 _axvii,676p.
_ccm.
650 _aMathematics
700 _a Waymire Edward C
_9448082
942 _hB2812, P9
_cTEXL
_2CC
999 _c782117
_d782117